Vibraciones peligrosas /

Vibración de los cuerpos sólidos. Distintos experimentos para demostrarla. Onda estacionaria y ambiente de resonancia. Frecuencia de resonancia. El habla. Destrucción del puente de Tacoma.

Guardado en:
Autor Corporativo: Videoteca CEA.
Formato: Deslizar
Series:El circo de la física
Materias:
Etiquetas: Agregar Etiqueta
Sin Etiquetas, Sea el primero en etiquetar este registro!
LEADER 00944ngm a22002535g 4500
001 CEM.cems022017
008 130507b1993##################0###0#####d
005 20240930154258.0
245 1 0 |a Vibraciones peligrosas /  |c Videoteca CEA. 
300 |a 12'. 
490 0 |a El circo de la física 
500 |a En soporte VHS, consultar en ventanilla. 
520 |a Vibración de los cuerpos sólidos. Distintos experimentos para demostrarla. Onda estacionaria y ambiente de resonancia. Frecuencia de resonancia. El habla. Destrucción del puente de Tacoma. 
538 |a Soporte: VHS - Norma: Pal N - Color - Grabación DRD 1993 - Hitachi=0855 
110 2 |a Videoteca CEA. 
082 5 3 |/ CEA-2 
653 |a FISICA 
653 |a VIBRACIONES 
653 |a FRECUENCIA 
653 |a RESONANCIA 
653 |a PUENTES 
653 |a NIVEL PRIMARIO 
653 |a NIVEL SECUNDARIO 
859 |a CEMS  |b BIB. CEMS - Depto. Recursos Didacticos  |h 530  |i CEA-2  |k DRD  |p 660.12  |t Ej.1